000 00458nam a22001937a 4500
003 GBCCL
005 20250616145206.0
008 250616b |||||||| |||| 00| 0 eng d
020 _a9788196669188
040 _cGBC
082 _a251
_bSTE 1
100 _aStephen, Alfred
245 _aHomiletic theories
260 _aMadurai :
_bEindruck publishers,
_c2024
300 _a207p. ;
650 _aHomiletics
650 _aPreaching
942 _2ddc
_cBK
_n0
999 _c10862
_d10862